Štátna podpora rodín v krajinách EÚ

Uložené v:
Podrobná bibliografia
Hlavný autor: Šipikalová, Silvia, 1979-
Médium: Kapitola
Jazyk:Slovak
Tagy: Pridať tag
Žiadne tagy, Buďte prvý, kto otaguje tento záznam!

MARC

LEADER 00000naa$a2200000$$$4500
001 0174279
005 20240502072954.6
041 0 |a slo 
044 |a SK 
245 1 0 |a Štátna podpora rodín v krajinách EÚ  |c Silvia Šipikalová 
100 1 |a Šipikalová, Silvia, 1979-